Southville International School and Colleges
Your cart is empty.
  • Cart
  • Lists
    Public lists Eva Luna New books Lux_list list_1
    Your lists Log in to create your own lists
  • Log in to your account
  • Your cookies
  • Search history
Southville International School and Colleges
  • Advanced search
  • Recent comments
  • Most popular
  • Libraries

Log in to your account

Log in with GOOGLE


If you do not have an external account, but do have a local account, you can still log in:

  1. Home
  2. MARC view: Mother Goose's Nursery Rhymes :
Normal view MARC view ISBD view

Mother Goose's Nursery Rhymes : (Record no. 269037)

[ view plain ]
MARC details
000 -LEADER
fixed length control field 00834cam a22002653a 4500
001 - CONTROL NUMBER
control field 39784
003 - CONTROL NUMBER IDENTIFIER
control field PGUSA
005 - DATE AND TIME OF LATEST TRANSACTION
control field 20140828083903.0
008 - FIXED-LENGTH DATA ELEMENTS--GENERAL INFORMATION
fixed length control field 120524s2012||||xxu|||||s|||||000 | eng d
040 ## - CATALOGING SOURCE
Original cataloging agency PGUSA
Language of cataloging eng
042 ## - AUTHENTICATION CODE
Authentication code dc
245 10 - TITLE STATEMENT
Title Mother Goose's Nursery Rhymes :
Remainder of title A Collection of Alphabets, Rhymes, Tales, and Jingles
Medium [electronic resource]
260 ## - PUBLICATION, DISTRIBUTION, ETC. (IMPRINT)
Name of publisher, distributor, etc Project Gutenberg,
Date of publication, distribution, etc 2012
506 ## - RESTRICTIONS ON ACCESS NOTE
Terms governing access Public domain in the USA.
516 ## - TYPE OF COMPUTER FILE OR DATA NOTE
Type of computer file or data note Electronic text
653 ## - INDEX TERM--UNCONTROLLED
Uncontrolled term Nursery rhymes
700 1# - ADDED ENTRY--PERSONAL NAME
Personal name Tenniel, John,
Dates associated with a name 1820-1914
700 1# - ADDED ENTRY--PERSONAL NAME
Personal name Weir, Harrison,
Dates associated with a name 1824-1906
700 1# - ADDED ENTRY--PERSONAL NAME
Personal name Gilbert, John,
Titles and other words associated with a name Sir,
Dates associated with a name 1817-1897
700 1# - ADDED ENTRY--PERSONAL NAME
Personal name Zwecker, Johann Baptist,
Dates associated with a name 1814-1876
700 1# - ADDED ENTRY--PERSONAL NAME
Personal name Crane, Walter,
Dates associated with a name 1845-1915
830 #0 - SERIES ADDED ENTRY--UNIFORM TITLE
Uniform title Project Gutenberg
Volume number/sequential designation 39784
856 40 - ELECTRONIC LOCATION AND ACCESS
Uniform Resource Identifier <a href="http://www.gutenberg.org/ebooks/39784">http://www.gutenberg.org/ebooks/39784</a>
942 ## - ADDED ENTRY ELEMENTS (KOHA)
Koha item type eBooks
Holdings
Withdrawn status Lost status Damaged status Home library Current library Date acquired Total Checkouts Date last seen Price effective from Koha item type
      Project Gutenberg Project Gutenberg 08/28/2014   08/28/2014 08/28/2014 eBooks

Mother Goose's Nursery Rhymes :

APA

Tenniel J., Weir H., Gilbert J., Zwecker J. B. & Crane W. (2012). Mother Goose's Nursery Rhymes. : Project Gutenberg.

Chicago

Tenniel John, Weir Harrison, Gilbert John, Zwecker Johann Baptist and Crane Walter. 2012. Mother Goose's Nursery Rhymes. : Project Gutenberg.

Harvard

Tenniel J., Weir H., Gilbert J., Zwecker J. B. and Crane W. (2012). Mother Goose's Nursery Rhymes. : Project Gutenberg.

MLA

Tenniel John, Weir Harrison, Gilbert John, Zwecker Johann Baptist and Crane Walter. Mother Goose's Nursery Rhymes. : Project Gutenberg. 2012.

  • Place hold
  • Print
  • Cite
  • Add to your cart (remove)
  • Save record
    BIBTEX Dublin Core MARCXML MARC (non-Unicode/MARC-8) MARC (Unicode/UTF-8) MARC (Unicode/UTF-8, Standard) MODS (XML) RIS
  • More searches
    Search for this title in:
    Other Libraries (WorldCat) Other Databases (Google Scholar) Online Stores (Bookfinder.com) Open Library (openlibrary.org)

Exporting to Dublin Core...

SOUTHVILLE LIBRARY

Southville International School and Colleges Library

1281 Tropical Ave. Cor. Luxembourg St., BF Homes International, Las Pinas City

Tel. No. 8256374 / 252358 Loc. 117/146

Powered by Koha